Visualizzazione normale
Vista MARC
- McLean Jackie
di Personal Name
Records bibliografici associati: 1
001 - CONTROL NUMBER
- control field: 28739
003 - CONTROL NUMBER IDENTIFIER
- control field: IT-RoPau
005 - DATE AND TIME OF LATEST TRANSACTION
- control field: 20140610211010.0
008 - FIXED-LENGTH DATA ELEMENTS
- fixed length control field: 140610|| aca||aabn | a|a d
040 ## - CATALOGING SOURCE
- Original cataloging agency: IT-RoPau
- Transcribing agency: IT-RoPau
100 ## - HEADING--PERSONAL NAME
- Personal name: McLean Jackie
- Miscellaneous information: Codice interprete SPICS: 37845
- Relator term: Interprete
670 ## - SOURCE DATA FOUND
- Source citation: Work cat.: (IT-RoPau)99330: AA.VV. 794, Jackie McLean